000
00269nam a22001217a 4500
008
170511b xxu||||| |||| 00| 0 eng d
041
_a
eng
080
_a
34
100
_a
15
101
_a
shj
245
_a
IN DEFENSE OF OUR CHILDREN
_c
GARAN.E.M
942
_2
udc
_c
BK
999
_c
13216
_d
13216